| 000 | 00430pab a2200169 454500 | ||
|---|---|---|---|
| 008 | 180718b2010 xxu||||| |||| 00| 0 eng d | ||
| 100 | _aPereira, Renato A. Orozco | ||
| 245 | _aDeterminants of dynamics in the world city network, 2000-2004 | ||
| 260 | _c2010 | ||
| 300 | _ap.1949-1967. | ||
| 362 | _aAug | ||
| 650 | _aNetwork analysis | ||
| 700 | _aDerudder, Ben | ||
| 773 | _aUrban Studies | ||
| 908 | _aN | ||
| 909 | _a90912 | ||
| 999 |
_c90912 _d90912 |
||